Loading...
| History - Other | 0 | 4 | 1 | 0 | 35 | 107 | 115.75 | 0 | 0 | 2.20 | 12.17 |
| Social Science | 0 | 2 | 0 | 0 | 20 | 68 | 73.00 | 0 | 2 | 7.15 | 17.00 |
| Literature - British | 0 | 2 | 0 | 0 | 20 | 133 | 134.50 | 0 | 0 | 0.70 | 1.83 |
| Literature - World | 0 | 2 | 0 | 1 | 20 | 85 | 100.50 | 0 | 1 | 5.63 | 7.50 |
| Science - Physics | 0 | 2 | 0 | 0 | 20 | 94 | 107.50 | 0 | 0 | 2.75 | 6.50 |
| History - World | 0 | 2 | 1 | 2 | 15 | 118 | 127.00 | 0 | 0 | 0.16 | 5.22 |
| Science - Chemistry | 0 | 1 | 0 | 0 | 10 | 92 | 92.00 | 0 | 0 | 0.89 | 2.50 |
| History - European | 0 | 1 | 0 | 1 | 10 | 135 | 135.00 | 0 | 0 | 0.00 | 1.00 |
| Literature - American | 0 | 1 | 0 | 0 | 10 | 47 | 47.00 | 0 | 0 | 6.85 | 5.83 |
| Science - Other | 0 | 2 | 2 | 0 | 10 | 98 | 105.00 | 0 | 0 | 2.87 | 13.33 |
| Geography | 0 | 1 | 0 | 0 | 10 | 49 | 49.00 | 0 | 0 | 31.01 | 30.00 |
| Current Events | 0 | 1 | 0 | 0 | 10 | 78 | 78.00 | 0 | 0 | 19.77 | 33.33 |
| Religion | 0 | 1 | 1 | 0 | 5 | 88 | 88.00 | 0 | 1 | 3.43 | 9.00 |
| Science - Biology | 0 | 1 | 1 | 0 | 5 | 114 | 114.00 | 0 | 0 | 0.09 | 3.00 |
| Fine Arts - Classical Music | 0 | 0 | 0 | 0 | 0 | 0.00 | 0 | 0 | 0.00 | 0.00 | |
| Fine Arts - Other | 0 | 0 | 0 | 0 | 0 | 0.00 | 0 | 0 | 0.00 | 0.00 | |
| History - American | 0 | 0 | 1 | 0 | -5 | 0.00 | 0 | 0 | 0.00 | 0.00 | |
| Literature - European | 0 | 0 | 1 | 0 | -5 | 0.00 | 0 | 0 | 0.00 | 0.00 | |
| Philosophy | 0 | 0 | 1 | 0 | -5 | 0.00 | 0 | 0 | 0.00 | 0.00 |